000 00761nam a22002057a 4500
005 20150124124315.0
008 130408t mx||||| |||| 00| 0 spa d
020 _a9786074480603
050 0 4 _aBF31
_bA63 2010
245 0 0 _aAPA Diccionario conciso de psicología
_c / editor Santiago Viveros Fuentes ; traducido por José Luis Núñez Herrejón, María Elena Ortiz Salinas
250 _a1a ed.
260 _aMéxico :
_bManual Moderno,
_c2010
300 _axi, 587 p. ;
_c23 cm.
500 _aTraducción de : APA concise dictionary of psychology
650 7 _2LEMB
_aPsicología
_vDiccionarios
700 1 _aViveros Fuentes, Santiago
_eed.
700 1 _aNúñez Herrejón, José Luis
_etr.
700 1 _aOrtiz Salinas, María Elena
_etr.
942 _2lcc
_cLIB
999 _c36372
_d36372